000 00611cam a22002173a 4500
001 27720
003 PGUSA
005 20140828083611.0
008 090106s2009||||xxu|||||s|||||000 | eng d
040 _aPGUSA
_beng
042 _adc
050 4 _aPQ
100 1 _aGuerrazzi, Francesco Domenico,
_d1804-1873
245 1 0 _aLa serpicina
_h[electronic resource] /
_cFrancesco Domenico Guerrazzi
260 _bProject Gutenberg,
_c2009
506 _aPublic domain in the USA.
516 _aElectronic text
830 0 _aProject Gutenberg
_v27720
856 4 0 _uhttp://www.gutenberg.org/ebooks/27720
942 _cEB
999 _c256975
_d256975